01239 2200361 4500001002100000005001500021035002000036007000300056008004100059020002200100082001500122084001700137100002900154245017600183250003500359300004000394650002100434700002900455700003800484700003800522700003300560504003400593264005600627336002100683337003000704338002300734040002200757090002200779850001200801999002200813990002200835990002000857INLIS00000000090325820260224015103 a0010-0226001094ta260224s2025 yoia g 00 ind d a978-623-143-146-204223a808.84 a808.84 ANT s0 aAnton HaryonoePengarang10aSoekarno menulis :bkarya tulis kebangsaan Soekarno 1926-1941 /cAnton Haryono, Chandra Halim, Yoel Kurniawan Raharjo, Rafinne Oktavitae Mega; penyunting, Hendra Kurniawan aCetakan pertama, November 2025 aviii, 118 halaman :btabel ;c23 cm 4aEsai--xKumpulan0 aChandra HalimePengarang0 aYoel Kurniawan RaharjoePengarang0 aRafinne Oktavitae MegaePengarang0 aHendra KurniawanePenyunting aBibliografi : halaman 109-11631aYogyakarta :bSanata Dharma University Press,c2025 2rdacontentateks 2rdamediaatanpa perantara 2rdacarrieravolume aYOPDYOGbinderda aCB-D.11 2025-5488 aYOPDYOG aCB-D.11/2025-5488 aCB-D.11/2025-5488 a73954-PD/A.2026